Modern portfolio theory and investment analysis

שמור ב:
מידע ביבליוגרפי
Main Authors: Elton, Edwin J (Author), Gruber, Martin Jay (Author), Brown, Stephen J (Author), Goetzmann, William N (Author)
פורמט: ספר
שפה:אנגלית
יצא לאור: Hoboken John Wiley and Sons 2003
מהדורה:6a. ed
נושאים:
תגים: הוספת תג
אין תגיות, היה/י הראשונ/ה לתייג את הרשומה!

MARC

LEADER 00000nam a2200000 a 4500
001 UCK6559
003 CL-VaPUC
008 051007e20030000us |||||||||||||||||eng|d
020 |a 0471238546 
082 0 4 |a 332.6  |b ELT  |2 21 
100 0 |a Elton, Edwin J  |e author  |9 495943 
700 |a Gruber, Martin Jay  |e author  |9 495944 
700 0 |a Brown, Stephen J  |e author  |9 495945 
700 |a Goetzmann, William N  |e author  |9 535159 
245 1 0 |a Modern portfolio theory and investment analysis 
250 |a 6a. ed 
300 |a 705 p 
942 |c BK 
945 |d 20051007 00:00:00  |a jcarroza 
260 |a Hoboken  |b John Wiley and Sons  |c 2003 
650 0 |a Economía   |9 255568 
650 0 |a Mercado financiero  |9 334172 
650 0 |a Valor económico   |9 352307 
650 0 |a Inversiones  |9 345867 
650 0 |a Finanzas  |9 260832 
583 |a last modification  |c 20171116 02:19:34  |k Rodrigo Vera 
999 |c 314836  |d 314834 
952 |0 0  |1 0  |4 0  |6 332_600000000000000_ELT_2003  |7 0  |8 A  |9 387586  |a BIBGIM  |b BIBGIM  |d 2019-11-22  |i 4172248  |l 1  |m 1  |o 332.6 ELT 2003  |p 4172248  |q 2025-07-31  |r 2020-03-19  |s 2020-03-19  |w 2019-11-22  |y BK  |k COM